000 00863nam a2200265 c 4500
999 _c142834
_d142834
003 BLK
005 20200928163546.0
008 180409b bul|||||r ||||||| ||bul||
010 _aKNG00148936000
040 _aBLK
041 _aBUL
_cBUL
080 _aБългарска литература
_b821.163.2
_x-34(084)
_z821.163.2-34(084)
100 1 _aЧавдаров, Георги
_eпърви автор
_9363944
139 _aЧавдаров, Георги
_bЧ 12
245 1 0 _aНарисувани приказки
_bАлбум
_cГеорги Чавдаров.
257 _aBGR
260 _bОтечество
_c1983
300 _a64 с.
_bс цв. ил.
_c24 см
380 _aDX
852 _aЦб 301659
856 4 _qpdf
856 4 _qpdf
942 _cKNG
_n0
_s1
944 _aCR
_c08.08.2013
_kГеновева_Генчева
944 _aED
_c08.08.2013
999 _d142834